| 000 | 00813nam a2200217 a 4500 | ||
|---|---|---|---|
| 003 | 0 | ||
| 005 | 20250303093119.0 | ||
| 008 | 100902s19uu xx 00 eng d | ||
| 050 |
_aPGS LC 3745 _b.F963 2010 |
||
| 100 | _aFulgencio II, Carrie Q. | ||
| 245 |
_aDifficulties and coping mechanisms of foreign students / _cCarrie Q. Fulgencio II. |
||
| 260 |
_aLas PiƱas City, Philippines : _bSouthville International School and Colleges, _c2010. |
||
| 300 |
_a25 pages : _billustrations ; _c28 cm. |
||
| 504 | _aIncludes bibliographical references. | ||
| 650 |
_aForeign students _vPsychology . |
||
| 650 | _aAdjustment (Psychology) in children. | ||
| 650 |
_aStudent adjustment _vCross-cultural studies. |
||
| 650 | _aStress in children. | ||
| 650 | _aCoping behavior in children. | ||
| 942 |
_2lcc _cPASS |
||
| 999 |
_c98337 _d98337 |
||